Les grandes philiosophes (Record no. 57306)
[ view plain ]
| 000 -LEADER | |
|---|---|
| campo de control de longitud fija | 00589nam a2200169 i 4500 |
| 001 - NÚMERO DE CONTROL | |
| campo de control | 57306 |
| 003 - IDENTIFICADOR DE NÚMERO DE CONTROL | |
| campo de control | ES-MaACL |
| 005 - FECHA Y HORA DE LA ÚLTIMA TRANSACCIÓN | |
| campo de control | 20251015063101.0 |
| 007 - CAMPO FIJO DE DESCRIPCIÓN FÍSICA--INFORMACIÓN GENERAL | |
| campo de control de longitud fija | t| |
| 008 - DATOS DE LONGITUD FIJA--INFORMACIÓN GENERAL | |
| campo de control de longitud fija | 031015s1901 fr ||||1| fre d |
| 100 0# - ENTRADA PRINCIPAL--NOMBRE DE PERSONA | |
| Nombre de persona | Domet de Vorges, Edmund Charles Eugène, |
| Títulos y otros términos asociados al nombre | Comte |
| 9 (RLIN) | 45110 |
| 245 14 - MENCIÓN DEL TÍTULO | |
| Título | Les grandes philiosophes |
| Resto del título | : Saint Anselme par le Comte Domet de Vorges / |
| Mención de responsabilidad, etc. | Edmund Charles Eugène Domet de Vorges, Comte. |
| 260 ## - PUBLICACIÓN, DISTRIBUCIÓN, ETC. | |
| Lugar de publicación, distribución, etc. | París : |
| Nombre del editor, distribuidor, etc. | Félix Alcan, |
| Fecha de publicación, distribución, etc. | 1901 ( |
| Lugar de fabricación/manufactura | Mesnil : |
| Fabricante | Firmin Didot) |
| 300 ## - DESCRIPCIÓN FÍSICA | |
| Extensión | VI, 334 p. ; |
| Dimensiones | 22 cm. |
| 852 ## - LOCALIZACIÓN | |
| Ubicación | ES-MaACL |
| Número de control de estantería | D-1641 |
| Estatus retirado | Estado de pérdida | Estado de daño | No para préstamo | Biblioteca de origen | Biblioteca actual | Ubicación en estantería | Fecha de adquisición | Fuente de adquisición | Total de préstamos | Signatura topográfica completa | Código de barras | Visto por última vez | Precio de reemplazo | Tipo de ítem Koha |
|---|---|---|---|---|---|---|---|---|---|---|---|---|---|---|
| Biblioteca del Ateneo de Madrid | Biblioteca del Ateneo de Madrid | Sala Valle Inclán | 17/01/2008 | D-1641 | 901060168 | 23/02/2023 | 23/02/2023 | Libro impreso antiguo |
